История Русского театра XVII-XIX веков : (Record no. 154917)
[ view plain ]
| 000 -LEADER | |
|---|---|
| fixed length control field | 00760nam a2200217 a 4500 |
| 001 - CONTROL NUMBER | |
| control field | 000407599 |
| 003 - CONTROL NUMBER IDENTIFIER | |
| control field | AM-YeHGA |
| 005 - DATE AND TIME OF LATEST TRANSACTION | |
| control field | 20250617132635.0 |
| 008 - FIXED-LENGTH DATA ELEMENTS--GENERAL INFORMATION | |
| fixed length control field | 050203s1939 ||||||||||||||000|0|rus d |
| 040 ## - CATALOGING SOURCE | |
| Original cataloging agency | AM-YeHGA |
| 041 0# - LANGUAGE CODE | |
| Language code of text/sound track or separate title | rus |
| 090 ## - LOCALLY ASSIGNED LC-TYPE CALL NUMBER (OCLC); LOCAL CALL NUMBER (RLIN) | |
| -- | 156315 |
| 100 1# - MAIN ENTRY--PERSONAL NAME | |
| Personal name | Варнеке, Б. |
| 245 10 - TITLE STATEMENT | |
| Title | История Русского театра XVII-XIX веков : |
| Remainder of title | Учеб. пособие для учащихся театр. школ / |
| Statement of responsibility, etc. | Б. Варнеке. |
| 250 ## - EDITION STATEMENT | |
| Edition statement | 3-е изд. |
| 260 ## - PUBLICATION, DISTRIBUTION, ETC. | |
| Place of publication, distribution, etc. | Москва ; |
| -- | Ленинград : |
| Name of publisher, distributor, etc. | Искусство, |
| Date of publication, distribution, etc. | 1939. |
| 300 ## - PHYSICAL DESCRIPTION | |
| Extent | 363 с. |
| Other physical details | [11] л. ил. |
| 504 ## - BIBLIOGRAPHY, ETC. NOTE | |
| Bibliography, etc. note | Библиогр.: с. 357-363 |
| 653 0# - INDEX TERM--UNCONTROLLED | |
| Uncontrolled term | Русский театр - История, XVII-XIX век |
| 942 ## - ADDED ENTRY ELEMENTS (KOHA) | |
| Source of classification or shelving scheme | Universal Decimal Classification |
| Koha item type | Գրքեր / Books |
| Withdrawn status | Lost status | Source of classification or shelving scheme | Damaged status | Not for loan | Collection | Home library | Current library | Date acquired | Total checkouts | Full call number | Barcode | Date last seen | Price effective from | Koha item type | Public note |
|---|---|---|---|---|---|---|---|---|---|---|---|---|---|---|---|
| Universal Decimal Classification | General | Fundamental Scientific Library | Fundamental Scientific Library | 28/12/2016 | PII/620567 | 120620567 | 28/12/2016 | 28/12/2016 | Գրքեր / Books | 30 Days Loan | |||||
| Universal Decimal Classification | General | Fundamental Scientific Library | Fundamental Scientific Library | 01/11/2018 | РД II/13341 | FL0529072 | 01/11/2018 | 01/11/2018 | Գրքեր / Books | 30 Days Loan | |||||
| Universal Decimal Classification | General | Fundamental Scientific Library | Fundamental Scientific Library | 01/11/2018 | РД II/13184 | FL0529335 | 01/11/2018 | 01/11/2018 | Գրքեր / Books | 30 Days Loan | |||||
| Universal Decimal Classification | General | Fundamental Scientific Library | Fundamental Scientific Library | 01/11/2018 | РД II/13182 | FL0529333 | 01/11/2018 | 01/11/2018 | Գրքեր / Books | 30 Days Loan | |||||
| General | Fundamental Scientific Library | Fundamental Scientific Library | 29/04/2022 | PII/659783 | FL0674926 | 17/04/2024 | 29/04/2022 | Գրքեր / Books | 30 Days Loan | ||||||
| Universal Decimal Classification | Kusikian Individual Collection | Fundamental Scientific Library | Fundamental Scientific Library | 18/03/2025 | Кус/1724 | FL0686265 | 18/03/2025 | 18/03/2025 | Գրքեր / Books | ILL Non-Circ. |
ՀՀ Գիտությունների ազգային ակադեմիայի հիմնարար գիտական գրադարան = Fundamental Scientific Library of NAS RA
All site content, except where otherwise noted, is licensed under a